[Event "Montcalm 7 2024-25"]
[Site "Quebec CAN"]
[Date "2025.05.08"]
[Round "2"]
[White "Girard-Tremblay, Eliot"]
[Black "Gagne, Louis"]
[Result "1-0"]
[WhiteElo "1544"]
[BlackElo "1222"]
[WhiteFideId "-1"]
[WhiteFideId "-1"]
[PlyCount "103"]
[GameId "2176048015459671"]
[EventDate "2025.05.01"]
[EventType "swiss"]
[EventRounds "5"]
[EventCountry "CAN"]

1. c4 c6 2. Nc3 d5 3. d4 Nf6 4. e3 a6 5. a4 Bf5 6. Nf3 Nbd7 7. Bd3 Bxd3 8. Qxd3 e6 9. O-O Bd6 10. Bd2 O-O 11. Rfe1 Re8 12. e4 dxe4 13. Nxe4 Nxe4 14. Rxe4 Nf6 15. Rh4 g6 16. Bg5 Be7 17. Ne5 Bf8 18. Qh3 h5 19. Ng4 Be7 20. Ne5 Nh7 21. Bxe7 Qxe7 22. g4 Ng5 23. Qe3 Kg7 24. f4 f6 25. fxg5 fxe5 26. Qxe5+ Kg8 27. gxh5 Qg7 28. h6 Qxe5 29. dxe5 Kf7 30. Rf1+ Ke7 31. Rf6 Rad8 32. Rxg6 Rd1+ 33. Kf2 Rh8 34. h7 Rdd8 35. Rg7+ Ke8 36. Rg8+ Kd7 37. Rxd8+ Kxd8 38. g6 Ke7 39. g7 Rxh7 40. Rxh7 Kf7 41. g8=Q+ Kxg8 42. Rxb7 Kf8 43. h4 c5 44. h5 a5 45. h6 Kg8 46. Re7 Kh8 47. Rxe6 Kh7 48. Ra6 Kh8 49. Ra7 Kg8 50. e6 Kh8 51. e7 Kg8 52. e8=Q# 1-0

[Event "Montcalm 7 2024-25"]
[Site "Quebec CAN"]
[Date "2025.05.08"]
[Round "2"]
[White "Lamontagne, Danny"]
[Black "Miskic, Zdenko"]
[Result "1-0"]
[WhiteElo "1819"]
[BlackElo "1598"]
[WhiteFideId "-1"]
[WhiteFideId "-1"]
[PlyCount "99"]
[GameId "2176048015459667"]
[EventDate "2025.05.01"]
[EventType "swiss"]
[EventRounds "5"]
[EventCountry "CAN"]

1. e4 Nf6 2. e5 Nd5 3. c4 Nb6 4. d4 d6 5. exd6 exd6 6. Nc3 Nc6 7. Be3 Be7 8. Nf3 Bf6 9. Be2 O-O 10. b3 Re8 11. Rc1 Bg4 12. O-O Bh5 13. c5 dxc5 14. dxc5 Bxc3 15. cxb6 Ba5 16. bxa7 Nxa7 17. Qxd8 Rexd8 18. Rc5 Bxf3 19. Bxf3 Bb6 20. Re5 Bxe3 21. Rxe3 c6 22. Re7 Nb5 23. Rxb7 Rxa2 24. Bxc6 Nd4 25. Bd5 Rf8 26. Re1 Re2 27. Rxe2 Nxe2+ 28. Kf1 Nc3 29. Bc4 g6 30. b4 Kg7 31. f3 Kf6 32. b5 Na4 33. Ra7 Nc5 34. b6 Ne6 35. b7 Nc7 36. b8=Q Rxb8 37. Rxc7 Rf8 38. Kf2 Kg7 39. g4 h6 40. h4 Kf6 41. Kg3 g5 42. hxg5+ hxg5 43. f4 gxf4+ 44. Kxf4 Kg7 45. Kf5 Rb8 46. Rxf7+ Kh8 47. Be6 Rb5+ 48. Kf6 Ra5 49. Rf8+ Kh7 50. Bf5+ 1-0

[Event "Montcalm 7 2024-25"]
[Site "Quebec CAN"]
[Date "2025.05.08"]
[Round "2"]
[White "Mercure, Gilbert"]
[Black "Dumont, Eric"]
[Result "1-0"]
[WhiteElo "1793"]
[BlackElo "1691"]
[WhiteFideId "-1"]
[WhiteFideId "-1"]
[PlyCount "121"]
[GameId "2176048015455567"]
[EventDate "2025.05.01"]
[EventType "swiss"]
[EventRounds "5"]
[EventCountry "CAN"]

1. e4 c6 2. d4 d5 3. f3 dxe4 4. fxe4 e5 5. Nf3 exd4 6. Bc4 Nf6 7. O-O Be6 8. Bxe6 fxe6 9. e5 Nd5 10. Ng5 Nd7 11. Nxe6 Qe7 12. Nxf8 Rxf8 13. Rxf8+ Kxf8 14. Qxd4 Nxe5 15. Nc3 Rd8 16. Nxd5 Rxd5 17. Qf2+ Kg8 18. Bf4 Ng6 19. Be3 Qd7 20. Rf1 a6 21. Qf3 Qe8 22. b4 Re5 23. Bd2 Re2 24. Qb3+ Kh8 25. Qd3 Kg8 26. Qc4+ Qe6 27. Qd3 Qe8 28. c4 Nh4 29. Rf2 Rxf2 30. Kxf2 Ng6 31. c5 Kf8 32. Bc3 Qf7+ 33. Qf3 Qxf3+ 34. Kxf3 Ne7 35. Ke4 Nd5 36. Bd2 Ke7 37. Ke5 Kd7 38. g4 Ne7 39. g5 Ng6+ 40. Kf5 Nh4+ 41. Kg4 Ng6 42. Bc3 Ke6 43. Bxg7 Ne7 44. a3 Kd5 45. h4 Kc4 46. h5 Kb3 47. g6 Nxg6 48. hxg6 hxg6 49. Kg5 Kxa3 50. Bc3 Kb3 51. Be1 Kc4 52. Kxg6 Kb5 53. Kf6 b6 54. Bf2 bxc5 55. bxc5 Kc4 56. Ke6 a5 57. Kd6 Kb5 58. Bd4 Kc4 59. Bh8 Kb5 60. Bc3 a4 61. Bb2 1-0

[Event "Montcalm 7 2024-25"]
[Site "Quebec CAN"]
[Date "2025.05.08"]
[Round "2"]
[White "Mungroo, Dharmein"]
[Black "Sauve, Richard"]
[Result "0-1"]
[WhiteElo "1457"]
[BlackElo "1842"]
[WhiteFideId "-1"]
[WhiteFideId "-1"]
[PlyCount "58"]
[GameId "2176048015455565"]
[EventDate "2025.05.01"]
[EventType "swiss"]
[EventRounds "5"]
[EventCountry "CAN"]

1. f4 Nf6 2. Nf3 g6 3. b3 Bg7 4. Bb2 O-O 5. e3 d6 6. Be2 c5 7. c4 Nc6 8. O-O e5 9. fxe5 Ng4 10. Nc3 dxe5 11. Nd5 Be6 12. e4 Nh6 13. Qe1 Nd4 14. Nxd4 exd4 15. d3 Qd6 16. Nf6+ Bxf6 17. Rxf6 Qe5 18. Qf2 Kg7 19. Rf1 Ng8 20. Rf3 f5 21. exf5 Rxf5 22. Bc1 Raf8 23. Bf4 Rxf4 24. Rxf4 Rxf4 25. Qxf4 Qxe2 26. Qc7+ Kh8 27. Rf8 Qe1+ 28. Rf1 Qe3+ 29. Kh1 Bf5 0-1

[Event "Montcalm 7 2024-25"]
[Site "Quebec CAN"]
[Date "2025.05.08"]
[Round "2"]
[White "Pepin, Pierre-Luc"]
[Black "Oliver, Vance"]
[Result "0-1"]
[WhiteElo "1157"]
[BlackElo "1409"]
[WhiteFideId "-1"]
[WhiteFideId "-1"]
[PlyCount "62"]
[GameId "2176048015459673"]
[EventDate "2025.05.01"]
[EventType "swiss"]
[EventRounds "5"]
[EventCountry "CAN"]

1. d4 Nf6 2. c4 g6 3. Nf3 Bg7 4. Nc3 d6 5. e4 O-O 6. Be2 Nbd7 7. O-O e5 8. d5 Nc5 9. Nd2 a5 10. Re1 Qe7 11. Bf1 Nh5 12. g3 f5 13. Be2 Nf6 14. f3 fxe4 15. Ncxe4 Nfxe4 16. Nxe4 Nxe4 17. fxe4 Bh3 18. Bf1 Bd7 19. Bg2 Rf7 20. Rf1 Raf8 21. Rxf7 Rxf7 22. Bd2 Qf8 23. Bxa5 b6 24. Bc3 Rf2 25. Qe1 Rf7 26. Qe2 Bh6 27. Rf1 Rxf1+ 28. Bxf1 Qf6 29. Qf2 Qg5 30. Qf3 Qc1 31. a3 Bh3 0-1

[Event "Montcalm 7 2024-25"]
[Site "Quebec CAN"]
[Date "2025.05.08"]
[Round "2"]
[White "Perreault, Jacquelin"]
[Black "Bergeron, Nicolas"]
[Result "1-0"]
[WhiteElo "1761"]
[BlackElo "1647"]
[WhiteFideId "-1"]
[WhiteFideId "-1"]
[PlyCount "103"]
[GameId "2176048015455568"]
[EventDate "2025.05.01"]
[EventType "swiss"]
[EventRounds "5"]
[EventCountry "CAN"]

1. e4 c5 2. Nf3 d6 3. d4 cxd4 4. Nxd4 Nf6 5. Nc3 a6 6. Bc4 e6 7. Bb3 b5 8. O-O Be7 9. Qf3 Qb6 10. Bg5 Qxd4 11. e5 Nd5 12. Nxd5 exd5 13. Bxd5 Bxg5 14. Qxf7+ Kd8 15. Bxa8 Qxe5 16. Rfe1 Qf6 17. Qa7 Nd7 18. Rad1 Bf4 19. Rd3 Qxb2 20. Bb7 Qxc2 21. Bxc8 Qxc8 22. Qd4 Be5 23. Qh4+ Bf6 24. Qb4 Qc5 25. Qe4 Ne5 26. Rd5 Qc7 27. Red1 Kd7 28. Rxe5 Bxe5 29. Qxe5 Kc8 30. Qe6+ Kb8 31. Qxd6 Qxd6 32. Rxd6 Rc8 33. Kf1 Rc1+ 34. Ke2 Rc2+ 35. Rd2 Rxd2+ 36. Kxd2 Kc7 37. Kc3 Kc6 38. Kd4 a5 39. f4 Kd6 40. g4 Ke6 41. Kc5 h5 42. h3 hxg4 43. hxg4 b4 44. Kc4 Kd6 45. Kb5 Kd5 46. Kxa5 Ke4 47. Kxb4 Kxf4 48. a4 g5 49. a5 Kxg4 50. a6 Kh3 51. a7 g4 52. a8=Q 1-0

[Event "Montcalm 7 2024-25"]
[Site "Quebec CAN"]
[Date "2025.05.08"]
[Round "2"]
[White "Poliquin, Yvon"]
[Black "Fleury, Dominic"]
[Result "1-0"]
[WhiteElo "1856"]
[BlackElo "1336"]
[WhiteFideId "-1"]
[WhiteFideId "-1"]
[PlyCount "39"]
[GameId "2176048015459669"]
[EventDate "2025.05.01"]
[EventType "swiss"]
[EventRounds "5"]
[EventCountry "CAN"]

1. e4 e5 2. Nf3 Nf6 3. Nxe5 d6 4. Nf3 Nxe4 5. Nc3 d5 6. Qe2 Bc5 7. Nxe4 O-O 8. Nxc5 Re8 9. Ne5 Nc6 10. f4 f6 11. Nxc6 Rxe2+ 12. Bxe2 bxc6 13. d4 Bf5 14. Kf2 Bxc2 15. Bd2 Qe7 16. Rhe1 Qf7 17. Rac1 Bf5 18. g4 Be4 19. Nxe4 dxe4 20. Bc4 1-0

[Event "Montcalm 7 2024-25"]
[Site "Quebec CAN"]
[Date "2025.05.08"]
[Round "2"]
[White "Pouliot, Lewis"]
[Black "Tremblay, Noah"]
[Result "0-1"]
[WhiteElo "1388"]
[BlackElo "1683"]
[WhiteFideId "-1"]
[WhiteFideId "-1"]
[PlyCount "39"]
[GameId "2176048015459670"]
[EventDate "2025.05.01"]
[EventType "swiss"]
[EventRounds "5"]
[EventCountry "CAN"]

1. c4 Nf6 2. Nc3 e6 3. e4 d5 4. cxd5 exd5 5. e5 Ne4 6. Nxe4 dxe4 7. Qa4+ Nc6 8. Qxe4 Bc5 9. Bb5 Bd7 10. Nf3 O-O 11. Bxc6 Bxc6 12. Qf4 Qd3 13. a4 b5 14. b4 Be7 15. a5 Rad8 16. Ra3 Qd5 17. O-O f6 18. d4 fxe5 19. Qxe5 Bxb4 20. Qxd5+ 0-1

[Event "Montcalm 7 2024-25"]
[Site "Quebec CAN"]
[Date "2025.05.08"]
[Round "2"]
[White "Sarra-Bournet, Marc"]
[Black "Laflamme, Simon"]
[Result "1-0"]
[WhiteElo "1752"]
[BlackElo "1853"]
[WhiteFideId "-1"]
[WhiteFideId "-1"]
[PlyCount "37"]
[GameId "2176048015455564"]
[EventDate "2025.05.01"]
[EventType "swiss"]
[EventRounds "5"]
[EventCountry "CAN"]

1. e4 e5 2. Nf3 Nc6 3. Bb5 a6 4. Ba4 Nf6 5. O-O Nxe4 6. Qe2 Nc5 7. Bxc6 dxc6 8. d4 Ne6 9. dxe5 Bc5 10. Be3 Bxe3 11. Qxe3 O-O 12. Nc3 b6 13. Rad1 Qe7 14. Ne4 Bb7 15. Ng3 Rfd8 16. Nf5 Qb4 17. Ng5 Nxg5 18. Qxg5 Qf8 19. Nh6+ 1-0

[Event "Montcalm 7 2024-25"]
[Site "Quebec CAN"]
[Date "2025.05.08"]
[Round "2"]
[White "Tellez Perez, Vicente"]
[Black "Michaud, Jacques"]
[Result "0-1"]
[WhiteElo "1289"]
[BlackElo "1489"]
[WhiteFideId "-1"]
[WhiteFideId "-1"]
[PlyCount "59"]
[GameId "2176048015459672"]
[EventDate "2025.05.01"]
[EventType "swiss"]
[EventRounds "5"]
[EventCountry "CAN"]

1. d4 Nf6 2. Bf4 e6 3. Nd2 d5 4. Ngf3 c5 5. e3 Nc6 6. Bb5 a6 7. Bxc6+ bxc6 8. c3 cxd4 9. Nxd4 Bb7 10. O-O c5 11. N4f3 Be7 12. b3 O-O 13. Rb1 Nh5 14. b4 Nxf4 15. exf4 cxb4 16. cxb4 Bd6 17. Ne5 Qe7 18. a3 Rac8 19. Qb3 Rc7 20. Rfc1 Rfc8 21. Rxc7 Qxc7 22. Qg3 f6 23. Qg4 fxe5 24. Qxe6+ Kh8 25. fxe5 Bxe5 26. Nf3 Bf6 27. h3 Qe7 28. Qg4 Rc4 29. Qg3 Qc7 30. Qg4 0-1

[Event "Montcalm 7 2024-25"]
[Site "Quebec CAN"]
[Date "2025.05.08"]
[Round "2"]
[White "Tremblay, Rejean"]
[Black "Fecteau, Martin"]
[Result "1-0"]
[WhiteElo "2166"]
[BlackElo "1756"]
[WhiteFideId "-1"]
[WhiteFideId "-1"]
[PlyCount "35"]
[GameId "2176048015455563"]
[EventDate "2025.05.01"]
[EventType "swiss"]
[EventRounds "5"]
[EventCountry "CAN"]

1. d4 Nf6 2. c4 e6 3. Nc3 Bb4 4. e3 O-O 5. Nge2 d5 6. a3 Be7 7. Nf4 b6 8. Qf3 Bb7 9. cxd5 exd5 10. Bd3 c6 11. g4 g6 12. h4 Bd6 13. g5 Bxf4 14. gxf6 Bd6 15. h5 Nd7 16. hxg6 fxg6 17. Rxh7 Kxh7 18. Qh5+ 1-0

[Event "Montcalm 7 2024-25"]
[Site "Quebec CAN"]
[Date "2025.05.15"]
[Round "3"]
[White "Bergeron, Nicolas"]
[Black "Auger, Bertrand"]
[Result "0-1"]
[WhiteElo "1647"]
[BlackElo "1842"]
[WhiteFideId "-1"]
[WhiteFideId "-1"]
[PlyCount "118"]
[GameId "2178586517545090"]
[EventDate "2025.05.01"]
[EventType "swiss"]
[EventRounds "5"]
[EventCountry "CAN"]

1. e4 e6 2. d4 d5 3. Nd2 dxe4 4. Nxe4 Bd7 5. Nf3 Bc6 6. Bd3 Nd7 7. O-O Ngf6 8. Ng3 Be7 9. Qe2 Bxf3 10. Qxf3 c6 11. Re1 O-O 12. Ne4 Nxe4 13. Rxe4 Nf6 14. Rh4 Qa5 15. Bf4 Qd5 16. Qh3 g6 17. Rh6 Qxd4 18. Bg5 Qg4 19. Qxg4 Nxg4 20. Rxg6+ hxg6 21. Bxe7 Rfe8 22. Bc5 Ne5 23. Bf1 Red8 24. Re1 Rd5 25. Bb4 Nd7 26. c4 Re5 27. Rd1 Nb6 28. Bc3 Re4 29. b3 Kf8 30. Bd3 Rd8 31. c5 Nc8 32. Kf1 Ke8 33. Bxe4 Rxd1+ 34. Ke2 Rd7 35. a4 Ne7 36. Be5 f5 37. Bf3 Nd5 38. h3 Kf7 39. g4 Nf6 40. b4 Nd5 41. b5 Rd8 42. gxf5 exf5 43. bxc6 bxc6 44. h4 Re8 45. Bxd5+ cxd5 46. f4 Rc8 47. Bd6 Rc6 48. a5 Ke6 49. Bb8 Rxc5 50. Bxa7 Rxa5 51. Bd4 Ra3 52. Bc5 Rh3 53. Bf2 d4 54. Bxd4 Rxh4 55. Be3 Kd5 56. Kf1 Ke4 57. Bd2 Rh2 58. Ba5 Kf3 59. Kg1 Rc2 0-1

[Event "Montcalm 7 2024-25"]
[Site "Quebec CAN"]
[Date "2025.05.15"]
[Round "3"]
[White "Boissinot, Claude"]
[Black "Burigusa, Guillaume"]
[Result "1-0"]
[WhiteElo "1471"]
[BlackElo "1189"]
[WhiteFideId "-1"]
[WhiteFideId "-1"]
[PlyCount "125"]
[GameId "2178586517545094"]
[EventDate "2025.05.01"]
[EventType "swiss"]
[EventRounds "5"]
[EventCountry "CAN"]

1. e4 e5 2. Nf3 d6 3. d4 Bg4 4. dxe5 dxe5 5. Qxd8+ Kxd8 6. Nxe5 Be6 7. Bd3 f6 8. Nf3 Nc6 9. Bd2 Bd6 10. a3 Kd7 11. O-O Nge7 12. Nc3 a6 13. Be3 Ng6 14. h3 Be5 15. Nxe5+ Ngxe5 16. Be2 Bc4 17. b3 Bxe2 18. Nxe2 Ke6 19. Nf4+ Kf7 20. Nd5 Rac8 21. Rad1 Rhd8 22. f4 Ng6 23. Rd3 Kg8 24. Rfd1 Re8 25. Nc3 Rcd8 26. Rxd8 Rxd8 27. Nd5 Rc8 28. Kf2 Kf7 29. g3 Ke8 30. Kf3 Nge7 31. Rd3 Nxd5 32. exd5 Ne7 33. g4 Rd8 34. c4 c6 35. d6 Nc8 36. c5 Ne7 37. Rd4 Nd5 38. Bd2 Kf7 39. Re4 g6 40. f5 Rd7 41. h4 Kg7 42. a4 Rf7 43. Bc1 Rd7 44. Re6 Rf7 45. Bb2 Rd7 46. g5 gxf5 47. gxf6+ Kf7 48. Re7+ Rxe7 49. fxe7 Ke8 50. Ba3 h5 51. Bb2 Nb4 52. Bc3 Nd5 53. Bd2 Kd7 54. Bf4 Ke8 55. Bd2 Kd7 56. Ke2 Ke8 57. Kd3 Kd7 58. Kd4 b6 59. b4 b5 60. a5 Ke8 61. Ke5 f4 62. Bxf4 Nxb4 63. Ke6 1-0

[Event "Montcalm 7 2024-25"]
[Site "Quebec CAN"]
[Date "2025.05.15"]
[Round "3"]
[White "Dumont, Eric"]
[Black "Mungroo, Dharmein"]
[Result "1-0"]
[WhiteElo "1691"]
[BlackElo "1457"]
[WhiteFideId "-1"]
[WhiteFideId "-1"]
[PlyCount "79"]
[GameId "2178586517545092"]
[EventDate "2025.05.01"]
[EventType "swiss"]
[EventRounds "5"]
[EventCountry "CAN"]

1. d4 Nf6 2. Bf4 d5 3. e3 g6 4. h3 Bg7 5. Nf3 O-O 6. Be2 Nbd7 7. O-O Ne4 8. c4 c6 9. Nc3 Ndf6 10. Rc1 Nxc3 11. bxc3 Ne4 12. cxd5 cxd5 13. Qb3 b6 14. Rfd1 Bb7 15. a4 Rc8 16. Bd3 Nd6 17. Nd2 Re8 18. Nf3 e6 19. a5 Nc4 20. axb6 axb6 21. Ra1 e5 22. Nxe5 Nxe5 23. dxe5 Bxe5 24. Bxe5 Rxe5 25. Ra7 Rb8 26. Rda1 Qg5 27. Qxb6 Re6 28. Qc7 Rbe8 29. Qxb7 R6e7 30. Qb6 Qe5 31. Qd4 Rxa7 32. Rxa7 Qe6 33. Qf4 Rc8 34. Qd4 Qc6 35. Ba6 Rb8 36. Qf4 Rb1+ 37. Kh2 Qe6 38. Ra8+ Kg7 39. Qd4+ Qf6 40. Rg8+ 1-0

[Event "Montcalm 7 2024-25"]
[Site "Quebec CAN"]
[Date "2025.05.15"]
[Round "3"]
[White "Fahmi, Adam"]
[Black "Mercure, Gilbert"]
[Result "1-0"]
[WhiteElo "1747"]
[BlackElo "1793"]
[WhiteFideId "-1"]
[WhiteFideId "-1"]
[PlyCount "56"]
[GameId "2178586517545085"]
[EventDate "2025.05.01"]
[EventType "swiss"]
[EventRounds "5"]
[EventCountry "CAN"]

1. d4 Nf6 2. Nf3 d5 3. c4 e6 4. g3 c6 5. Bg2 Bb4+ 6. Bd2 Bxd2+ 7. Nfxd2 Qb6 8. Qc2 Qxd4 9. O-O Nbd7 10. cxd5 exd5 11. Nc3 Ne5 12. e4 Be6 13. exd5 Nxd5 14. Nce4 O-O 15. Ng5 Qd3 16. Qxd3 Nxd3 17. Be4 Nc5 18. Bxh7+ Kh8 19. Nxe6 Nxe6 20. Be4 Rad8 21. Nb3 Nb4 22. Na5 Rd4 23. Bg2 Nd8 24. a3 Nd5 25. Rfd1 Rxd1+ 26. Rxd1 b6 27. Nxc6 Nxc6 28. Rxd5 Rd8 1-0

[Event "Montcalm 7 2024-25"]
[Site "Quebec CAN"]
[Date "2025.05.15"]
[Round "3"]
[White "Fecteau, Martin"]
[Black "Michaud, Jacques"]
[Result "1-0"]
[WhiteElo "1756"]
[BlackElo "1489"]
[WhiteFideId "-1"]
[WhiteFideId "-1"]
[PlyCount "59"]
[GameId "2178586517545091"]
[EventDate "2025.05.01"]
[EventType "swiss"]
[EventRounds "5"]
[EventCountry "CAN"]

1. e4 c5 2. c4 d6 3. h3 Nf6 4. d3 g6 5. Bd2 Bg7 6. Bc3 O-O 7. Be2 Nc6 8. Nf3 e5 9. Nbd2 Nd4 10. O-O Bd7 11. b4 b6 12. Nb3 Re8 13. bxc5 dxc5 14. Nbxd4 exd4 15. Bd2 Bc6 16. Bg5 h6 17. Bh4 g5 18. Bg3 Nd7 19. Nd2 f5 20. exf5 Qe7 21. Bh5 Rf8 22. Re1 Qf6 23. Re6 Qd8 24. Rxc6 Rxf5 25. Bg4 Ne5 26. Bxf5 Nxc6 27. Be4 Qf6 28. Bd5+ Kh7 29. Qe2 Rf8 30. Qe4+ 1-0

[Event "Montcalm 7 2024-25"]
[Site "Quebec CAN"]
[Date "2025.05.15"]
[Round "3"]
[White "Fleury, Dominic"]
[Black "Pepin, Pierre-Luc"]
[Result "1-0"]
[WhiteElo "1336"]
[BlackElo "1157"]
[WhiteFideId "-1"]
[WhiteFideId "-1"]
[PlyCount "63"]
[GameId "2178586517545096"]
[EventDate "2025.05.01"]
[EventType "swiss"]
[EventRounds "5"]
[EventCountry "CAN"]

1. e4 e6 2. d4 d5 3. e5 c5 4. c3 Nc6 5. Nf3 Qb6 6. Be3 Qxb2 7. Nbd2 Qxc3 8. dxc5 Nxe5 9. Nxe5 Qxe5 10. Nf3 Qc7 11. Rc1 Qa5+ 12. Qd2 Qxd2+ 13. Bxd2 Nf6 14. Ne5 Nd7 15. Bb5 a6 16. Ba4 f6 17. Nd3 Be7 18. Nf4 Kf7 19. Nd3 e5 20. O-O b6 21. Bc6 Ra7 22. Bxd5+ Kg6 23. c6 Nc5 24. Nxc5 Bxc5 25. Rc3 Rd8 26. Rd3 Rd6 27. Rc1 Bf5 28. Rg3+ Kh5 29. Bf3+ Kh4 30. Rc4+ Bd4 31. Rh3+ Bxh3 32. g3# 1-0

[Event "Montcalm 7 2024-25"]
[Site "Quebec CAN"]
[Date "2025.05.15"]
[Round "3"]
[White "Gagne, Louis"]
[Black "Tellez Perez, Vicente"]
[Result "1-0"]
[WhiteElo "1222"]
[BlackElo "1289"]
[WhiteFideId "-1"]
[WhiteFideId "-1"]
[PlyCount "65"]
[GameId "2178586517545097"]
[EventDate "2025.05.01"]
[EventType "swiss"]
[EventRounds "5"]
[EventCountry "CAN"]

1. d4 d5 2. e3 Nf6 3. Bd3 Nc6 4. f4 Bg4 5. Nf3 e6 6. O-O Bd6 7. Nbd2 Ne4 8. Nxe4 dxe4 9. Bxe4 Qf6 10. c3 Rb8 11. Bd2 Ne7 12. Qc2 Bf5 13. Be1 Ng6 14. Bg3 O-O 15. Ne5 Bxe5 16. fxe5 Qe7 17. Bxf5 exf5 18. Rxf5 Qe6 19. Raf1 Ne7 20. Rh5 Qg6 21. Qe2 Nd5 22. e4 Ne3 23. Rf4 Nc4 24. Rfh4 f6 25. Qxc4+ Rf7 26. e6 Re7 27. d5 h6 28. Bf4 Qe8 29. Qe2 Qf8 30. Qg4 Kh8 31. Qg6 Qg8 32. Bxh6 gxh6 33. Rxh6+ 1-0

[Event "Montcalm 7 2024-25"]
[Site "Quebec CAN"]
[Date "2025.05.15"]
[Round "3"]
[White "Laflamme, Simon"]
[Black "Girard-Tremblay, Eliot"]
[Result "1-0"]
[WhiteElo "1853"]
[BlackElo "1544"]
[WhiteFideId "-1"]
[WhiteFideId "-1"]
[PlyCount "103"]
[GameId "2178586517545089"]
[EventDate "2025.05.01"]
[EventType "swiss"]
[EventRounds "5"]
[EventCountry "CAN"]

1. d4 Nf6 2. c4 g6 3. Nc3 Bg7 4. e4 O-O 5. Nf3 d6 6. Be2 c5 7. d5 a5 8. O-O Na6 9. h3 Bd7 10. Bf4 Nc7 11. Qd2 Rb8 12. a4 Nfe8 13. e5 dxe5 14. Nxe5 Nd6 15. Nxd7 Qxd7 16. Bg4 f5 17. Be2 Rbd8 18. Bh6 Nf7 19. Bxg7 Kxg7 20. Qe3 Qd6 21. Rad1 f4 22. Qd2 Qe5 23. Rfe1 Qf6 24. Ne4 Qh4 25. Qxa5 Na6 26. Qc3+ Kg8 27. Bg4 b6 28. Be6 Nc7 29. d6 Nxe6 30. dxe7 Nd4 31. exf8=Q+ Rxf8 32. Rxd4 cxd4 33. Qxd4 Nh6 34. Nd6 Qf6 35. Qxf6 Rxf6 36. Re8+ Kg7 37. Rd8 Re6 38. Kf1 Kf6 39. Rd7 Ke5 40. Nf7+ Nxf7 41. Rxf7 h5 42. Rd7 Ke4 43. Ke2 g5 44. Rd5 f3+ 45. gxf3+ Kf4+ 46. Kf1 Kxf3 47. Rf5+ Ke4 48. Rxg5 Kd3 49. b3 Kc3 50. Rg3+ Kd4 51. Rf3 Ke4 52. Re3+ 1-0

[Event "Montcalm 7 2024-25"]
[Site "Quebec CAN"]
[Date "2025.05.15"]
[Round "3"]
[White "Marquis, Paul"]
[Black "Demushkina, Alina"]
[Result "1-0"]
[WhiteElo "1830"]
[BlackElo "1672"]
[WhiteFideId "-1"]
[WhiteFideId "-1"]
[PlyCount "105"]
[GameId "2178586517545087"]
[EventDate "2025.05.01"]
[EventType "swiss"]
[EventRounds "5"]
[EventCountry "CAN"]

1. c4 e5 2. Nc3 Nf6 3. g3 d5 4. cxd5 Nxd5 5. Bg2 c6 6. Nxd5 cxd5 7. Qb3 e4 8. d3 f5 9. dxe4 dxe4 10. Nh3 Be7 11. O-O Qb6 12. Qxb6 axb6 13. Nf4 Na6 14. Be3 Bc5 15. Nd5 Bxe3 16. Nxe3 O-O 17. f3 exf3 18. Bxf3 Nb4 19. a3 Nc6 20. Rfd1 Ne5 21. Bd5+ Kh8 22. Nc4 Nxc4 23. Bxc4 Ra5 24. Rd6 Rc5 25. Bd3 Rc6 26. Rd4 g6 27. Rd1 Kg7 28. Bb5 Rcf6 29. Bd7 Bxd7 30. Rxd7+ R8f7 31. Kf2 Re6 32. R1d6 Rxd6 33. Rxd6 Rf6 34. Rd4 g5 35. Kf3 h6 36. Ke3 Re6+ 37. Kd3 Kf7 38. Rd7+ Re7 39. Rxe7+ Kxe7 40. Kc4 Kd6 41. Kb5 Kc7 42. e3 g4 43. b4 h5 44. a4 Kb8 45. Kxb6 Kc8 46. Ka7 Kc7 47. b5 b6 48. a5 bxa5 49. b6+ Kc6 50. b7 a4 51. b8=Q Kc5 52. Qb2 Kc4 53. Qa3 1-0

[Event "Montcalm 7 2024-25"]
[Site "Quebec CAN"]
[Date "2025.05.15"]
[Round "3"]
[White "Miskic, Zdenko"]
[Black "Tremblay, Charles"]
[Result "0-1"]
[WhiteElo "1598"]
[BlackElo "1465"]
[WhiteFideId "-1"]
[WhiteFideId "-1"]
[PlyCount "78"]
[GameId "2178586517545093"]
[EventDate "2025.05.01"]
[EventType "swiss"]
[EventRounds "5"]
[EventCountry "CAN"]

1. c4 Nf6 2. g3 e6 3. Bg2 Bc5 4. e3 O-O 5. d4 Bb4+ 6. Nc3 c6 7. Qb3 Be7 8. Nf3 d5 9. O-O Nbd7 10. Bd2 dxc4 11. Qxc4 Nb6 12. Qb3 Nbd5 13. Ne5 Rb8 14. Rfd1 Nd7 15. Rac1 Bd6 16. f4 a6 17. Ne4 Qe7 18. a3 f6 19. Nc4 Bc7 20. Kf2 Kh8 21. Bh3 f5 22. Ng5 h6 23. Nf3 N5f6 24. Nce5 Ne4+ 25. Ke2 Nxe5 26. Nxe5 Bxe5 27. dxe5 Rd8 28. Bb4 c5 29. Bxc5 Qe8 30. Rxd8 Qxd8 31. Rd1 Qe8 32. Bd6 Qh5+ 33. Ke1 Qxh3 34. Qc2 Ra8 35. Bc7 Kh7 36. Rd8 Qh5 37. Bd6 Qf3 38. Rxc8 Rxc8 39. Qe2 Rc1+ 0-1

[Event "Montcalm 7 2024-25"]
[Site "Quebec CAN"]
[Date "2025.05.15"]
[Round "3"]
[White "Perreault, Jacquelin"]
[Black "Tremblay, Rejean"]
[Result "0-1"]
[WhiteElo "1761"]
[BlackElo "2166"]
[WhiteFideId "-1"]
[WhiteFideId "-1"]
[PlyCount "56"]
[GameId "2178586517471355"]
[EventDate "2025.05.01"]
[EventType "swiss"]
[EventRounds "5"]
[EventCountry "CAN"]

1. e4 c5 2. Nf3 d6 3. d4 cxd4 4. Nxd4 Nf6 5. Nc3 a6 6. Bc4 e6 7. Bb3 b5 8. O-O Be7 9. Qf3 Qb6 10. Bg5 O-O 11. Rfe1 Bb7 12. Be3 Qa5 13. Bxe6 fxe6 14. Nxe6 b4 15. Nd5 Nxd5 16. Nxf8 Nc7 17. Nxh7 Kxh7 18. Qh3+ Kg8 19. Bd4 Bf8 20. Re3 Nc6 21. Bxg7 Bxg7 22. Rg3 Rf8 23. Qd7 Rf7 24. Qxd6 Qe5 25. Qg6 Nd4 26. Rg5 Qf4 27. Rf1 Bxe4 28. Qh5 Bf3 0-1

[Event "Montcalm 7 2024-25"]
[Site "Quebec CAN"]
[Date "2025.05.15"]
[Round "3"]
[White "Sauve, Richard"]
[Black "Sarra-Bournet, Marc"]
[Result "1-0"]
[WhiteElo "1842"]
[BlackElo "1752"]
[WhiteFideId "-1"]
[WhiteFideId "-1"]
[PlyCount "125"]
[GameId "2178586517545084"]
[EventDate "2025.05.01"]
[EventType "swiss"]
[EventRounds "5"]
[EventCountry "CAN"]

1. d4 d5 2. c4 e6 3. Nc3 Nf6 4. Bg5 Nbd7 5. e3 Be7 6. Nf3 O-O 7. Bd3 h6 8. Bh4 dxc4 9. Bxc4 Nb6 10. Bb3 Nbd5 11. O-O b6 12. Re1 Bb7 13. Rc1 Nxc3 14. bxc3 Ne4 15. Bxe7 Qxe7 16. Qe2 c5 17. Ne5 Rfd8 18. Red1 Rac8 19. Nf3 cxd4 20. Rxd4 Rxd4 21. Nxd4 Nxc3 22. Qb2 Qb4 23. h3 Rc5 24. Kh2 Na4 25. Qb1 Rxc1 26. Qxc1 Qd6+ 27. Kg1 Nc5 28. Qa3 Qb8 29. Bc4 Qa8 30. f3 a6 31. Qb4 Qd8 32. Bf1 a5 33. Qb2 e5 34. Nf5 Qf6 35. e4 Bc8 36. Ne3 Bb7 37. Nc4 Nd7 38. Qd2 Bc6 39. Qb2 b5 40. Nxa5 Bxe4 41. Qxb5 Bf5 42. Nc4 Qg5 43. Kh1 Be6 44. Qb2 Qf4 45. Qe2 Qc1 46. Kh2 Qf4+ 47. g3 Qd4 48. a4 Bxc4 49. Qxc4 Qf2+ 50. Bg2 Qa7 51. Qb5 g6 52. a5 f6 53. h4 Kf8 54. Kh3 Ke7 55. g4 Nc5 56. Bf1 Kd6 57. Bc4 Qb7 58. Qxb7 Nxb7 59. a6 Na5 60. a7 Nxc4 61. a8=Q Nb6 62. Qf8+ Ke6 63. Qxh6 1-0